Quiz Sur L'Histoire Avec Une Difficulté Croissante - Statistiques

Statistiques générales
  • Ce quiz a été pris 456 fois
  • Le résultat moyen est 10 sur 15
Statistiques - réponses
Question Réponse % Correct
Quel pays a envahi la Belgique en 1914 ? L'Allemagne
98%
Quel célèbre roi français était surnommé "Le Roi Soleil" ? Louis XIV
98%
Quel explorateur est crédité pour avoir découvert l'Amérique en 1492 ? Christophe Colomb
97%
En quelle année a eu lieu la chute du mur de Berlin ? En 1989
96%
Qui était le premier président des États-Unis ? George Washington
91%
Quel traité a mis fin à la Première Guerre mondiale ? Le traité de Versailles
90%
Quelle civilisation ancienne est connue pour son utilisation des glyphes dans l'écriture et ses constructions comme les pyramides de Gizeh ? Les Égyptiens
89%
Quelle ancienne civilisation sud-américaine est connue pour la cité de Machu Picchu et a été conquise par les Espagnols au XVIe siècle ? Les Incas
85%
Qui a été le principal architecte de l'unification allemande en 1871 ? Otto von Bismarck
47%
Quel empereur romain a converti l'Empire romain au christianisme ? Constantin le Grand
45%
Qui était le dirigeant soviétique pendant la crise des missiles de Cuba en 1962 ? Nikita Khrouchtchev
43%
Quelle bataille a marqué la fin de l'invasion napoléonienne en Russie en 1812 ? La bataille de la Berezina
39%
Quelle bataille de 1066 a changé le cours de l'histoire anglaise en permettant la conquête normande ? La bataille de Hastings
38%
Quel était le nom de la coalition de cités-États grecques dirigée par Sparte contre Athènes pendant la guerre du Péloponnèse ? La Ligue du Péloponnèse
13%
Quel était le nom de l'empereur chinois qui a eu l'idée de construire la Grande Muraille de Chine ? Qin Shi Huang
6%
Aucun quiz correspondant
Distribution des résultats
% des personnes avec chaque résultat
Percentile par nombre de réponses
Votre historique - résultats
Vous n’avez pas pris ce quiz